Creative writing (Record no. 104766)
| 000 -LEADER | |
|---|---|
| fixed length control field | 00549nam a2200193Ia 4500 |
| 003 - CONTROL NUMBER IDENTIFIER | |
| control field | LDD |
| 008 - FIXED-LENGTH DATA ELEMENTS--GENERAL INFORMATION | |
| fixed length control field | 181029s9999 xx 000 0 und d |
| 020 ## - INTERNATIONAL STANDARD BOOK NUMBER | |
| International Standard Book Number | 9780415372428 |
| Terms of availability | P 75.00 |
| 040 ## - CATALOGING SOURCE | |
| Transcribing agency | LDD |
| 100 ## - MAIN ENTRY--PERSONAL NAME | |
| Personal name | Anderson, Linda |
| 245 #0 - TITLE STATEMENT | |
| Title | Creative writing |
| Remainder of title | a workbook with readings |
| Statement of responsibility, etc. | Linda Anderson |
| 260 ## - PUBLICATION, DISTRIBUTION, ETC. | |
| Place of publication, distribution, etc. | Oxon |
| Name of publisher, distributor, etc. | Routledge |
| Date of publication, distribution, etc. | 2006 |
| 300 ## - PHYSICAL DESCRIPTION | |
| Extent | 664p. |
| 365 ## - TRADE PRICE | |
| Price amount | P 75.00 |
| 901 ## - LOCAL DATA ELEMENT A, LDA (RLIN) | |
| a | 9483 |
| b | 30-11-2012 |
| 902 ## - LOCAL DATA ELEMENT B, LDB (RLIN) | |
| a | 4594 |
| b | 12-12-2012 |
| c | F |
| d | PUJA |
| e | 42 |
| 903 ## - LOCAL DATA ELEMENT C, LDC (RLIN) | |
| a | Discount-15 |
| b | Reqst by : Renu Bhardwaj |
| 942 ## - ADDED ENTRY ELEMENTS (KOHA) | |
| Source of classification or shelving scheme | Dewey Decimal Classification |
| Koha item type | Books |
| Withdrawn status | Lost status | Source of classification or shelving scheme | Damaged status | Not for loan | Home library | Current library | Total Checkouts | Full call number | Barcode | Date last seen | Date last checked out | Cost, replacement price | Price effective from | Koha item type |
|---|---|---|---|---|---|---|---|---|---|---|---|---|---|---|
| No | Dewey Decimal Classification | Library and Documentation Division | Library and Documentation Division | 1 | 808.02 C86 | 088100 | 03/19/2021 | 03/18/2021 | 6556.50 | 11/01/2018 | Books |
